LDR 00584naa#a2200181#i#450# 001 EN\INFRA-M\bibl\103063 005 20260514222732.4 011 ## _a2500-3305 100 ## _a20250630b2025####ek#y0engy0150####ca 102 ## _aRU 200 1# _aSocio-Psychological Support 
for Professional Burnout _eJournal article 210 1# _aMoscow _cINFRA-M Academic Publishing LLC. _d2025 215 ## _a9 с. 608 ## _aJournal article _2local 675 ## _aПедагогическая психология. 37.015.3 _z 700 #1 _aKremneva _gT. L. 700 #1 _aDoroshenko _gTat'yana Nikolaevna 856 4# _anaukaru.ru _u